000 00972nas a2200277 i 4500
001 1136
003 ES-MaACL
005 20250828062527.0
007 t|
008 950801c1941 sp | | 1 ||pa d
080 _a460
245 0 0 _aGuía
_b: revista semanal de enseñanza y oposiciones /
_cCentro Nacional de Orientación y Trámite del S.E.U.
260 _aMadrid :
_b[Sucs. Rivadeneyra],
_c1941-
300 _a35 v. ;
_c27 y 31 cm.
310 _aQuincenal
321 _aQuincenal,
_b1941-1946
321 _aMensual
362 0 _a1941-
500 _aEn 1947 aparece con la revista un boletín semanal.
500 _aNo se publicó en oct. 1953.
650 7 _aEducación
_2embne
_912073
710 2 _aCentro Nacional de Orientación y Trámite del S.E.U.
_92768
852 _aES-MaACL
_jHem-658
866 0 _o(1941-42)(1943f.ene.-may.)1944-46(1947f.oct.y dic.)1948-53.(1954-55)1956(1957f.n.844y848-850)(1958f.n.858-861)1959,(1961).
999 _c1136
_d1136